000
00338nam a2200145Ia 4500
008
220204s9999 xx 000 0 und d
020
_a
0127384464
082
_a
582.28
_b
CAR
100
_a
Carlile, Michael J
245
4
_a
The fungi
250
_a
Ed.2
260
_a
London
_b
Academic Press
_c
2001
650
_a
Gene cloning
942
_c
BK
999
_c
42633
_d
42633